Science Quiz

Random Science or Blitz Quiz

Science Speed-Picking Quiz Stats

 Plays Quiz Updated Mar 6, 2016

Score 0/50 Timer 02:00
6 Plays Today
% Correct
Jupiter
97.3%
Mars
96.3%
Earth
95.9%
Neptune
95%
Venus
95%
Respiratory
86.6%
Earthquake
86.4%
Circulatory
85.3%
Hurricane
85.2%
Landslide
83.6%
Tornado
83.1%
Neon
79.2%
Immune
78.9%
Argon
78.9%
Nervous
78.5%
Flood
77.7%
Xenon
77.5%
Mountain
77%
Endocrine
76.5%
Helium
73.8%
Plateau
72.9%
Species
72.2%
Kingdom
71%
Genus
70.7%
Radon
70.6%
% Correct
Lung
69.6%
Liver
69.5%
Stomach
68.3%
Order
68.1%
Phylum
68%
Pancreas
66.2%
Skin
66.1%
Fjord
64.5%
River
64.4%
Mesa
57.8%
Quartz
50.5%
Diamond
49.8%
Topaz
46%
Talc
42.4%
Fluorine
39.7%
Gypsum
39.5%
Chlorine
38.5%
Bromine
38.4%
Iodine
37.9%
Astatine
30.8%
Top
28.8%
Down
28.3%
Bottom
28%
Charm
26.3%
Strange
26%

You're not logged in!

Compare scores with friends on all Sporcle quizzes.
OR
Log In

You Might Also Like...

Show Comments

Extras

Top Quizzes Today


Score Distribution

Your Account Isn't Verified!

In order to create a playlist on Sporcle, you need to verify the email address you used during registration. Go to your Sporcle Settings to finish the process.

Report this User

Report this user for behavior that violates our Community Guidelines.

Details: